Części wsi Ustrobna - Statystyki

Ogólne statystyki
  • Ten quiz został rozwiązany 33 razy
  • Średni wynik to 5 z 9
Statystyki odpowiedzi
Części % Poprawnych
Dół
100%
Góra
100%
Lewa Wieś
88%
Prawa Wieś
88%
Stawiska
88%
Podlas
25%
Gąsienice
13%
Granice
13%
Pasze
13%
Nie znaleziono quizów pasujących do podanych kryteriów
Rozkład punktacji
Procent ludzi z każdym wynikiem
Percentyl według liczby udzielonych odpowiedzi
Twoja historia wyników
Nie rozwiązałeś tego quizu